| 000 | 00832cam a2200265 a 4500 | ||
|---|---|---|---|
| 001 | 000019677 | ||
| 005 | 20200929170111.0 | ||
| 008 | 781228s1970 sp 001 e spa d | ||
| 040 |
_aDO-SdBNP _cDLC _dDLC |
||
| 042 | _aBNGR | ||
| 082 |
_a864.6 _bA996un, 1970 |
||
| 100 | 0 |
_aAzorín, _d1873-1967 _95278 |
|
| 245 | 1 | 0 |
_aUna hora de España : _bentre 1560 y 1570 / _cAzorín. |
| 250 | _a4a ed. | ||
| 260 |
_aMadrid : _bEspasa-Calpe, _c1970. |
||
| 300 |
_a139 p. ; _c18 cm. |
||
| 490 | 1 |
_aAustral. Verde: ensayos y filosofía _v801 |
|
| 500 | _aIncluye índice de autores | ||
| 650 | 4 |
_aEnsayos españoles _93095 |
|
| 650 | 4 |
_aLiteratura española _9632 |
|
| 651 | 4 |
_aEspaña _xDescripciones Y Viajes _93096 |
|
| 830 | 0 |
_aAustral. _pVerde: ensayos y filosofía; _v801 _98733 |
|
| 910 | _aCatalogación derivada / LC | ||
| 910 | _aWM | ||
| 999 |
_c19192 _d19192 |
||